| 000 | 01577nam a2200409 a 4500 | ||
|---|---|---|---|
| 001 | 000113026 | ||
| 003 | CHAP | ||
| 005 | 20220329144334.0 | ||
| 008 | 170317s2016 mx a fsm |||||||spa d | ||
| 010 | _a109487 | ||
| 011 | _a110459 | ||
| 040 | _cCHAP | ||
| 090 | _aTesis | ||
| 100 | 1 |
_aGuarneros Mendoza, Anayeli _9131790 |
|
| 245 | 1 | 0 |
_aComposición botánica de la dieta de cabras pastoreando agostaderos de Tula, Tepexi de Rodríguez, Puebla / _h[En línea] _cpor Anayeli Guarneros Mendoza y Noé Cortés Cuautle. |
| 260 |
_aChapingo, Méx. : _bEl autor, _c2016. |
||
| 500 | _aPara ver el contenido del material haga clic en la liga | ||
| 502 | _aTesis (Ing. Agr. Esp. en Zootecnia) -- UACH. Departamento de Zootecnia | ||
| 590 |
_aE11695DGD _b10 _c20170404 _lUCH01 _h1033 |
||
| 590 |
_aE6096MTM _b05 _c20170320 _lUCH01 _h1458 |
||
| 590 |
_aE6096MTM _b05 _c20170330 _lUCH01 _h1446 |
||
| 590 |
_aE8697GMM _b05 _c20170317 _lUCH01 _h1500 |
||
| 590 |
_aE8697GMM _b05 _c20170317 _lUCH01 _h1503 |
||
| 590 |
_aE8697GMM _b05 _c20170320 _lUCH01 _h0858 |
||
| 590 |
_aE8697GMM _b05 _c20170320 _lUCH01 _h0956 |
||
| 590 |
_aE8697GMM _b05 _c20170320 _lUCH01 _h1129 |
||
| 590 |
_aE8697GMM _b05 _c20170322 _lUCH01 _h0916 |
||
| 650 | 1 | 4 |
_aComposición botánica. _9127485 |
| 650 | 1 | 4 |
_aGanado cabrío _xNutrición. _945030 |
| 650 | 1 | 4 |
_aGanado cabrío _xPastoreo. _945036 |
| 650 | 1 | 4 |
_aMaterias fecales _xAnálisis. _972961 |
| 700 | 1 |
_aCortés Cuautle, Noé _9131876 |
|
| 856 |
_aFinding aid _uhttp://10.13.5.2/tesis/sist113026.pdf _zTeclea aquí |
||
| 901 | _aBK | ||
| 942 | _cTESIS | ||
| 942 | _n0 | ||
| 999 |
_c109487 _d109487 |
||